Elektrické přístroje 2

Salvato in:
Dettagli Bibliografici
Autori principali: Havelka, Otto (Autore), Gross, Boleslav (Autore)
Natura: Libro
Lingua:ceco
Pubblicazione: Brno : Vysoké učení technické v Brně, 1978
Edizione:1. vyd.
Tags: Aggiungi Tag
Nessun Tag, puoi essere il primo ad aggiungerne!!

MARC

LEADER 00000nam a22000003a 4500
001 stu26132
005 20150617225743.6
008 980622s1978------------------------cze-d
040 |a STU  |b slo 
041 0 |a cze 
100 1 |a Havelka, Otto  |4 aut 
245 1 |a Elektrické přístroje 2 
250 |a 1. vyd. 
260 |a Brno :  |b Vysoké učení technické v Brně,  |c 1978 
300 |a 273 s 
700 1 |a Gross, Boleslav  |4 aut 
996 |b 284ES14941  |c E*S-12445  |l EE01  |s A  |a 24  |w stu26132_0001 
996 |b E40811  |c E*40811  |l EE04  |s P  |a 0  |w stu26132_0006